Countries UK Never Invaded - Statistics

General Stats
  • This quiz has been taken 11 times
  • The average score is 11 of 22
Answer Stats
Country % Correct
Kyrgyzstan
80%
Mongolia
70%
Tajikistan
70%
Andorra
60%
Belarus
60%
Chad
60%
Liechtenstein
60%
São Tomé and Principe
60%
Sweden
60%
Uzbekistan
60%
Vatican City
60%
Bolivia
50%
Luxembourg
50%
Marshall Islands
50%
Monaco
50%
Central African Republic
40%
Mali
40%
Paraguay
40%
Republic of the Congo
40%
Burundi
30%
Guatemala
20%
Ivory Coast
20%
No matching quizzes found
Score Distribution
Percent of People with Each Score
Percentile by Number Answered
Your Score History
You have not taken this quiz